000 00243nam a2200097Ia 4500
001 706304
005 20250826162446.0
008 250824s9999 xx 000 0 und d
245 0 _aMİMLERİN ABECESİ
_cÖMER LEKESİZ
260 _bİNSAN YAYINLARI
999 _c706304
_d706304